PLK en feat - Statistiques

Statistiques générales
  • Ce quiz a été pris 128 fois
  • Le résultat moyen est 18 sur 35
Statistiques - réponses
Projet Titre Artiste % Correct
Enna Pilote Hamza
96%
Grand garçon Sex Model Theodora
94%
Chambre 140 part.3 Faut pas Jul
93%
Chambre 140 part.1 Ça mène à rien Gazo
89%
Enna Boost Attentat Oboy
84%
Polak Hier SCH
76%
Mental Tout recommencer Tessa B
76%
Enna Chandon et Moët Heuss l'Enfoiré
72%
Chambre 140 part.2 En mieux Hamza
71%
Chambre 140 part.3 Chouchou Vacra
71%
Polak Waow Nekfeu
68%
2069' 7/7 Kerchak
66%
Enna Toutes générations Rim'K
66%
Grand garçon Jamie Bynoe-Gittens La Rvfleuze
64%
2069' 10 minutes Dinos
63%
Mental Cartelo Maes
60%
Mental Toute l'année Timal
60%
Enna Boost En ville SDM
59%
Chambre 140 part.1 La nuit Tif
58%
Enna Boost Incontrôlables SCH
57%
Polak Gozier Paluch
51%
Ténébreux Pas ce soir Krisy
47%
Grand garçon Porte d'Orléans Jolagreen23
46%
Platinum Colis piégé Lefa
40%
Mental Corazon Aladin135
36%
Platinum Go Krisy
32%
Grand garçon Wemby Infinit'
30%
Grand garçon Wemby STI
23%
Grand garçon Wemby Limsa d'Aulnay
21%
Peur de me tromper Palm trees remix Aladin 135
9%
Peur de me tromper Palm trees remix 2zer
4%
Enna On sait jamais Nsika
2%
Chambre 140 part.1 * Alice Belaïdi
1%
Chambre 140 part.2 *** Alice Belaïdi
1%
Chambre 140 part.3 ***** Alice Belaïdi
1%
Aucun quiz correspondant
Distribution des résultats
% des personnes avec chaque résultat
Percentile par nombre de réponses
Votre historique - résultats
Vous n’avez pas pris ce quiz